000 00381cam a22001337a 4500
008 180718b1971 xxu||||| |||| 00| 0 eng d
082 _aXA N213
245 _aNew homes in the cities
_cBy HMSO
260 _aLondon
_bHMSO
_c1971
300 _a63p.
650 _aHousing -- Great Britain
650 _aConstruction industry -- Great Britain
650 _aUrban renewal -- Great Britain
999 _c415022
_d415022